[Event "Ruhrgebiet Regionalliga 1516"]
[Site "Germany"]
[Date "2015.12.06"]
[Round "4.6"]
[White "Lindner Emden, Carsten"]
[Black "Boehm, Juergen1111"]
[Result "1/2-1/2"]
[WhiteElo "1953"]
[BlackElo "2150"]
[PlyCount "33"]
[EventDate "2015.09.13"]
[EventType "team-tourn"]
[EventRounds "9"]
[EventCountry "GER"]
[SourceTitle "EXT 2022"]
[Source "ChessBase"]
[SourceDate "2021.10.06"]
[SourceVersion "1"]
[SourceVersionDate "2021.10.06"]
[SourceQuality "1"]
[WhiteTeam "Bochum-Linden"]
[BlackTeam "Brackel SF"]
[WhiteTeamCountry "GER"]
[BlackTeamCountry "GER"]

1. e4 e6 2. d4 d5 3. Nd2 Nf6 4. e5 Nfd7 5. f4 c5 6. c3 Nc6 7. Ndf3 Qb6 8. Ne2 f6 9. g3 Be7 10. Bh3 0-0 11. Bxe6+ Kh8 12. exf6 Nxf6 13. Bxc8 Raxc8 14. 0-0 cxd4 15. Nexd4 Nxd4 16. cxd4 Ne4 17. Qe2 1/2-1/2

[Event "Ruhrgebiet Verbandsliga Gruppe 1 1415"]
[Site "Germany"]
[Date "2015.04.26"]
[Round "9.7"]
[White "Winzbeck, Frank"]
[Black "Lindner Emden, Carsten"]
[Result "1-0"]
[WhiteElo "1915"]
[BlackElo "1954"]
[PlyCount "71"]
[EventDate "2014.09.21"]
[EventType "team-tourn"]
[EventRounds "9"]
[EventCountry "GER"]
[SourceTitle "EXT 2022"]
[Source "ChessBase"]
[SourceDate "2021.10.06"]
[SourceVersion "1"]
[SourceVersionDate "2021.10.06"]
[SourceQuality "1"]
[WhiteTeam "Gladbeck SG"]
[BlackTeam "Bochum-Linden"]
[WhiteTeamCountry "GER"]
[BlackTeamCountry "GER"]

1. d4 Nf6 2. Bg5 d6 3. c4 Nbd7 4. Nc3 c6 5. e4 e5 6. Nf3 Be7 7. Be2 0-0 8. 0-0 Qc7 9. b4 Re8 10. Rc1 Bf8 11. Qc2 exd4 12. Nxd4 Qb6 13. Rfd1 Qxb4 14. Nf5 Re6 15. Nd4 Re5 16. Bf4 Re8 17. Nf5 Ne5 18. Rb1 Qa3 19. Rb3 Qa5 20. Nxd6 Bxd6 21. Rxd6 Ng6 22. Bg3 Nxe4 23. Nxe4 Rxe4 24. Qxe4 Qe1+ 25. Bf1 Qxe4 26. Rd8+ Nf8 27. Bd6 g6 28. Bxf8 h5 29. Re3 Qf5 30. Ree8 Kh7 31. Bd6 Qb1 32. Be5 g5 33. Rg8 Be6 34. Rg7+ Kh6 35. Rxa8 f6 36. Bxf6 1-0

[Event "Ruhrgebiet Verbandsliga Gruppe 1 1415"]
[Site "Germany"]
[Date "2014.10.19"]
[Round "2"]
[White "Lindner Emden, Carsten"]
[Black "Loeffelbein, Klaus"]
[Result "1-0"]
[WhiteElo "1941"]
[BlackElo "1850"]
[PlyCount "67"]
[EventDate "2014.09.21"]
[EventType "team-tourn"]
[EventRounds "9"]
[EventCountry "GER"]
[SourceTitle "EXT 2022"]
[Source "ChessBase"]
[SourceDate "2021.10.06"]
[SourceVersion "1"]
[SourceVersionDate "2021.10.06"]
[SourceQuality "1"]
[WhiteTeam "Bochum-Linden"]
[BlackTeam "Gerthe Werne"]
[WhiteTeamCountry "GER"]
[BlackTeamCountry "GER"]

1. e4 c5 2. Nf3 Nc6 3. b3 d6 4. Bb2 Nf6 5. d3 g6 6. g3 Bg7 7. Bg2 0-0 8. 0-0 Bd7 9. h3 b5 10. Nbd2 Rb8 11. a4 b4 12. Nc4 Na5 13. Ne3 e5 14. Nd2 Nh5 15. Kh2 Nc6 16. Ndc4 Qe7 17. Nd5 Qd8 18. Nxd6 Bxh3 19. Nxf7 Rxf7 20. Bxh3 Ne7 21. Be6 Nxd5 22. Bxd5 Qe7 23. Qg4 Rbf8 24. Bc1 Nf6 25. Bxf7+ Qxf7 26. Qh4 h6 27. Be3 g5 28. Qh3 Qg6 29. Rac1 h5 30. Kg2 g4 31. Qh4 Rf7 32. Qg5 Qh7 33. Rh1 Rf8 34. Qxe5 1-0

[Event "NRW Class1 1213"]
[Site "Germany"]
[Date "2013.04.28"]
[Round "9.5"]
[White "Deppe, Arne"]
[Black "Lindner Emden, Carsten"]
[Result "1/2-1/2"]
[WhiteElo "2113"]
[BlackElo "1962"]
[PlyCount "62"]
[EventDate "2012.09.16"]
[EventType "team-tourn"]
[EventRounds "9"]
[EventCountry "GER"]
[SourceTitle "EXT 2017"]
[Source "ChessBase"]
[SourceDate "2016.10.25"]
[SourceVersion "1"]
[SourceVersionDate "2016.10.25"]
[SourceQuality "1"]
[WhiteTeam "Langenfeld"]
[BlackTeam "Hattingen"]
[WhiteTeamCountry "GER"]
[BlackTeamCountry "GER"]

1. e4 c5 2. Nf3 Nc6 3. Bb5 g6 4. 0-0 Bg7 5. Re1 Nd4 6. Nxd4 cxd4 7. c4 e6 8. d3 Ne7 9. b3 0-0 10. Ba3 d6 11. Qd2 Nc6 12. f4 Qc7 13. e5 dxe5 14. Bxf8 Kxf8 15. Bxc6 bxc6 16. fxe5 Bxe5 17. Qh6+ Kg8 18. Rf1 Bg7 19. Qh4 e5 20. Nd2 Bf5 21. Ne4 Bxe4 22. dxe4 Rf8 23. g4 Qd6 24. Rad1 Qb4 25. Rd3 h6 26. Qf2 Qe7 27. Rf3 c5 28. h4 Qb7 29. Qe1 Qd7 30. Qg3 Qb7 31. Qe1 Qd7 1/2-1/2

[Event "NRW Class1 1213"]
[Site "Germany"]
[Date "2013.03.10"]
[Round "7.5"]
[White "Cebulla, Konstantin"]
[Black "Lindner Emden, Carsten"]
[Result "0-1"]
[WhiteElo "2142"]
[BlackElo "1962"]
[PlyCount "108"]
[EventDate "2012.09.16"]
[EventType "team-tourn"]
[EventRounds "9"]
[EventCountry "GER"]
[SourceTitle "EXT 2017"]
[Source "ChessBase"]
[SourceDate "2016.10.25"]
[SourceVersion "1"]
[SourceVersionDate "2016.10.25"]
[SourceQuality "1"]
[WhiteTeam "Dinslaken"]
[BlackTeam "Hattingen"]
[WhiteTeamCountry "GER"]
[BlackTeamCountry "GER"]

1. d4 Nf6 2. c4 e5 3. dxe5 Ng4 4. Nf3 Bc5 5. e3 Nc6 6. a3 a5 7. b3 Ngxe5 8. Bb2 Qf6 9. Nxe5 Nxe5 10. Nc3 d6 11. Be2 0-0 12. 0-0 Bf5 13. Nd5 Qd8 14. b4 Ba7 15. Bd4 c6 16. Nc3 Bb8 17. f4 Ng6 18. e4 Bd7 19. Qd2 axb4 20. axb4 Rxa1 21. Rxa1 Qe7 22. Rd1 Bc8 23. e5 Re8 24. Ne4 Nxf4 25. Qxf4 dxe5 26. Bc5 Qxc5+ 27. bxc5 exf4 28. Nd6 Bxd6 29. Rxd6 Kf8 30. Kf2 f6 31. Bd3 Ke7 32. h4 h6 33. Kf3 g5 34. hxg5 hxg5 35. Bg6 Rd8 36. Rxd8 Kxd8 37. Ke4 Be6 38. Kd4 Ke7 39. Bh7 Kf7 40. Bd3 Bg4 41. Bh7 Kg7 42. Bd3 Kh6 43. Kc3 Kh5 44. Kb4 Kh4 45. Ka5 Kg3 46. Kb6 Kxg2 47. Kxb7 Bf3 48. Bf5 g4 49. Bd7 g3 50. Bxc6 Bxc6+ 51. Kxc6 f3 52. Kb7 f2 53. c6 f1Q 54. c7 Qxc4 0-1

[Event "NRW Class1 1213"]
[Site "Germany"]
[Date "2012.11.18"]
[Round "3.7"]
[White "Lindner Emden, Carsten"]
[Black "Hobusch, Jan"]
[Result "0-1"]
[WhiteElo "1964"]
[BlackElo "2042"]
[PlyCount "68"]
[EventDate "2012.09.16"]
[EventType "team-tourn"]
[EventRounds "9"]
[EventCountry "GER"]
[SourceTitle "EXT 2017"]
[Source "ChessBase"]
[SourceDate "2016.10.25"]
[SourceVersion "1"]
[SourceVersionDate "2016.10.25"]
[SourceQuality "1"]
[WhiteTeam "Hattingen"]
[BlackTeam "Bochum II"]
[WhiteTeamCountry "GER"]
[BlackTeamCountry "GER"]

1. e4 c5 2. Nf3 d6 3. d4 cxd4 4. Qxd4 Nc6 5. Bb5 Bd7 6. Bxc6 Bxc6 7. c4 Nf6 8. Nc3 e6 9. 0-0 Be7 10. h3 0-0 11. Be3 Qc7 12. Rac1 b6 13. Nd5 Qb7 14. Nxe7+ Qxe7 15. Bg5 e5 16. Qe3 h6 17. Bh4 Qe6 18. Bxf6 Qxf6 19. Nh2 Qg6 20. f3 f5 21. exf5 Rxf5 22. Rcd1 Raf8 23. Rd2 R8f6 24. Ng4 Re6 25. Rfd1 h5 26. Nh2 Ref6 27. Kh1 Qg3 28. Qe1 Qg6 29. Qe3 Rf4 30. b3 e4 31. fxe4 Rxe4 32. Qd3 Re1+ 33. Rxe1 Bxg2+ 34. Kg1 Be4+ 0-1

[Event "Ruhrgebiet Regionalliga 1112"]
[Site "Nordrheinwestfalen"]
[Date "2011.10.23"]
[Round "2.6"]
[White "Lindner Emden, Carsten"]
[Black "Sicars, Thorsten"]
[Result "1/2-1/2"]
[WhiteElo "1956"]
[BlackElo "1995"]
[PlyCount "51"]
[EventDate "2011.09.25"]
[EventType "team-tourn"]
[EventRounds "9"]
[EventCountry "GER"]
[SourceTitle "EXT 2020"]
[Source "ChessBase"]
[SourceDate "2019.10.17"]
[SourceVersion "1"]
[SourceVersionDate "2019.10.17"]
[SourceQuality "1"]
[WhiteTeam "Hattingen"]
[BlackTeam "Holsterhausen SK"]
[WhiteTeamCountry "GER"]
[BlackTeamCountry "GER"]

1. e4 c6 2. d4 d5 3. Nd2 dxe4 4. Nxe4 Bf5 5. Ng3 Bg6 6. h4 h6 7. Nf3 Nd7 8. h5 Bh7 9. Bd3 Bxd3 10. Qxd3 e6 11. Bd2 Ngf6 12. Qe2 Be7 13. Ne5 c5 14. dxc5 Qc7 15. Nxd7 Qxd7 16. b4 Rd8 17. Rd1 Qa4 18. Qc4 0-0 19. 0-0 Rd5 20. Be3 Rfd8 21. Rxd5 Rxd5 22. Qb3 Qd7 23. c4 Rd3 24. Qc2 Ng4 25. Bc1 f5 26. Re1 1/2-1/2

[Event "Ruhrgebiet Verbandsliga1 1011"]
[Site "Nordrheinwestfalen"]
[Date "2011.02.27"]
[Round "7.5"]
[White "Jaeger, Heinz"]
[Black "Lindner Emden, Carsten"]
[Result "1/2-1/2"]
[WhiteElo "1995"]
[BlackElo "1973"]
[PlyCount "66"]
[EventDate "2011.09.12"]
[EventType "team-tourn"]
[EventRounds "9"]
[EventCountry "GER"]
[SourceTitle "EXT 2020"]
[Source "ChessBase"]
[SourceDate "2019.10.17"]
[SourceVersion "1"]
[SourceVersionDate "2019.10.17"]
[SourceQuality "1"]
[WhiteTeam "Bottrop SV"]
[BlackTeam "Hattingen"]
[WhiteTeamCountry "GER"]
[BlackTeamCountry "GER"]

1. d4 Nf6 2. Nf3 g6 3. Bg5 Bg7 4. Nbd2 c5 5. e3 b6 6. Bd3 Bb7 7. c3 d6 8. Qe2 h6 9. Bxf6 Bxf6 10. Be4 Bxe4 11. Nxe4 Bg7 12. h4 Nd7 13. 0-0-0 Qc7 14. Kb1 Qc6 15. Qd3 Nf6 16. Ng3 h5 17. Rd2 b5 18. dxc5 Qxc5 19. Ne4 Qc6 20. Neg5 0-0 21. Rg1 Rab8 22. Nd4 Qc4 23. f3 Rfc8 24. g3 b4 25. Qxc4 Rxc4 26. cxb4 Nd5 27. Nc2 Nxb4 28. Nxb4 Rcxb4 29. Rgg2 d5 30. Rge2 e6 31. Nh3 Be5 32. f4 Bf6 33. Nf2 Kg7 1/2-1/2

[Event "Ruhrgebiet Verbandsliga1 1011"]
[Site "Nordrheinwestfalen"]
[Date "2011.02.06"]
[Round "6.6"]
[White "Armbruester, Juergen"]
[Black "Lindner Emden, Carsten"]
[Result "1-0"]
[WhiteElo "1924"]
[BlackElo "1973"]
[PlyCount "43"]
[EventDate "2011.09.12"]
[EventType "team-tourn"]
[EventRounds "9"]
[EventCountry "GER"]
[SourceTitle "EXT 2020"]
[Source "ChessBase"]
[SourceDate "2019.10.17"]
[SourceVersion "1"]
[SourceVersionDate "2019.10.17"]
[SourceQuality "1"]
[WhiteTeam "Katernberg SF III"]
[BlackTeam "Hattingen"]
[WhiteTeamCountry "GER"]
[BlackTeamCountry "GER"]

1. e4 d6 2. d4 Nf6 3. Nc3 c6 4. Nf3 Nbd7 5. Bf4 Qa5 6. Bd3 e5 7. Bd2 Qb6 8. dxe5 dxe5 9. b3 Be7 10. 0-0 0-0 11. Ne2 Re8 12. Ng3 Bb4 13. c3 Bf8 14. Bc4 Qc7 15. Ng5 Nb6 16. Bxf7+ Kh8 17. Bxe8 Nxe8 18. Qh5 Nf6 19. Qf7 Qd6 20. Be3 h6 21. Bxb6 axb6 22. Rfd1 1-0

[Event "Ruhrgebiet Verbandsliga1 1011"]
[Site "Nordrheinwestfalen"]
[Date "2010.12.05"]
[Round "4.5"]
[White "Lindner Emden, Carsten"]
[Black "Galle, Wolfgang"]
[Result "0-1"]
[WhiteElo "1973"]
[BlackElo "1875"]
[PlyCount "68"]
[EventDate "2011.09.12"]
[EventType "team-tourn"]
[EventRounds "9"]
[EventCountry "GER"]
[SourceTitle "EXT 2020"]
[Source "ChessBase"]
[SourceDate "2019.10.17"]
[SourceVersion "1"]
[SourceVersionDate "2019.10.17"]
[SourceQuality "1"]
[WhiteTeam "Hattingen"]
[BlackTeam "Muelheim SC"]
[WhiteTeamCountry "GER"]
[BlackTeamCountry "GER"]

1. e4 e5 2. Nf3 Qe7 3. Nc3 c6 4. Bc4 h6 5. a4 d6 6. d4 Nf6 7. dxe5 dxe5 8. h3 Nbd7 9. Qe2 Nb6 10. Bd3 Qc7 11. a5 Nbd7 12. Bd2 Be7 13. Bc4 Nf8 14. 0-0 g5 15. Na4 Ng6 16. b4 Nh5 17. Bxf7+ Kxf7 18. Nxe5+ Qxe5 19. Bc3 Nhf4 20. Qf3 Qe6 21. Bxh8 Nxh8 22. g3 Qxh3 23. Ra3 Bg4 24. Qb3+ Ne6 25. f4 gxf4 26. Rxf4+ Ke8 27. Rf2 Qh5 28. Ra1 Nf7 29. Raf1 Nfg5 30. Rf5 Qg6 31. Qc3 Qg7 32. Qe3 Qd4 33. Qxd4 Nxd4 34. Re5 Ndf3+ 0-1

[Event "Oberliga NRW 8889 II"]
[Site "Germany"]
[Date "1989.??.??"]
[Round "8"]
[White "Lindner Emden, Carsten"]
[Black "Doering, Thomas"]
[Result "0-1"]
[WhiteElo "1820"]
[BlackElo "1910"]
[PlyCount "74"]
[EventDate "1988.10.??"]
[EventType "team"]
[EventRounds "9"]
[EventCountry "GER"]
[SourceTitle "EXT 1997"]
[Source "ChessBase"]
[SourceDate "1996.11.15"]
[SourceVersion "1"]
[SourceVersionDate "1996.11.15"]
[SourceQuality "1"]
[WhiteTeam "Welper SV"]
[BlackTeam "Castrop Rauxel"]
[WhiteTeamCountry "GER"]
[BlackTeamCountry "GER"]

1. e4 c6 2. d4 d5 3. Nd2 dxe4 4. Nxe4 Nf6 5. Nxf6+ gxf6 6. Qd3 Na6 7. Bd2 Qb6 8. 0-0-0 Be6 9. c4 0-0-0 10. Ne2 h5 11. Kb1 Bh6 12. Bxh6 Rxh6 13. Nf4 Nb4 14. Qe3 Bf5+ 15. Bd3 Nxd3 16. Nxd3 Rg6 17. c5 Qc7 18. Ka1 Rg4 19. Nc1 Rxg2 20. Qf3 Rg5 21. h4 Bg4 22. Qa3 Rf5 23. Rd3 Rxf2 24. Qxa7 Rf4 25. Nb3 Be6 26. a4 Bxb3 27. Rxb3 Rdxd4 28. Ra3 e5 29. Rg1 Rg4 30. Rf1 Rgf4 31. Rg1 Kd7 32. Rg8 Ke6 33. Qa8 Qd7 34. Re8+ Kf5 35. Rb8 Qd5 36. Kb1 Rf1+ 37. Kc2 Rd2+ 0-1